<?xml version="1.0" encoding="UTF-8"?>
<record
    xmlns:xsi="http://www.w3.org/2001/XMLSchema-instance"
    xsi:schemaLocation="http://www.loc.gov/MARC21/slim http://www.loc.gov/standards/marcxml/schema/MARC21slim.xsd"
    xmlns="http://www.loc.gov/MARC21/slim">

  <leader>01492nam a2200301 i 4500</leader>
  <controlfield tag="001">167583</controlfield>
  <controlfield tag="003">ES-MaACL</controlfield>
  <controlfield tag="005">20250813044446.0</controlfield>
  <controlfield tag="008">931025s1794    sp           |||| |dspa d</controlfield>
  <datafield tag="100" ind1="1" ind2=" ">
    <subfield code="a">Villanueva, Joaqu&#xED;n Lorenzo, </subfield>
    <subfield code="d">1757-1837</subfield>
    <subfield code="9">115023</subfield>
  </datafield>
  <datafield tag="245" ind1="1" ind2="0">
    <subfield code="a">Cartas eclesi&#xE1;sticas de D. Joaqu&#xED;n Lorenzo Villanueva al doctor D. Guillermo D&#xED;az Luzeredi : </subfield>
    <subfield code="b">en defensa de las leyes que autorizan ahora al pueblo para que lea en su lengua la Sagrada Escritura / </subfield>
    <subfield code="c">va al principio una carta del Rmo. P. Felipe Scio de S. Miguel, maestro del Pr&#xED;ncipe... &#xE0; este mismo prop&#xF2;sito.</subfield>
  </datafield>
  <datafield tag="260" ind1=" " ind2=" ">
    <subfield code="a">Madrid : </subfield>
    <subfield code="b">en la Imprenta Real, regente D. L&#xE1;zaro Gayguer, </subfield>
    <subfield code="c">1794.</subfield>
  </datafield>
  <datafield tag="300" ind1=" " ind2=" ">
    <subfield code="a">[2], XLVIII, 243 p., [1] en bl. ; </subfield>
    <subfield code="c">8&#xBA;.</subfield>
  </datafield>
  <datafield tag="530" ind1=" " ind2=" ">
    <subfield code="a">Disponible en formato digital.</subfield>
  </datafield>
  <datafield tag="594" ind1=" " ind2=" ">
    <subfield code="a">Guillermo D&#xED;az Luzeredi: seud. de Miguel Elizalde Urdiroz.</subfield>
  </datafield>
  <datafield tag="597" ind1=" " ind2=" ">
    <subfield code="a">Sign.: [ ]1, a-c8, a-p8, q2.</subfield>
  </datafield>
  <datafield tag="597" ind1=" " ind2=" ">
    <subfield code="a">Port. con esc. xil.</subfield>
  </datafield>
  <datafield tag="630" ind1="0" ind2="7">
    <subfield code="a">Biblia-</subfield>
    <subfield code="x">Traducciones al espa&#xF1;ol.</subfield>
    <subfield code="9">155488</subfield>
  </datafield>
  <datafield tag="700" ind1="1" ind2=" ">
    <subfield code="a">D&#xED;az Luzeredi, Guillermo.</subfield>
    <subfield code="9">173619</subfield>
  </datafield>
  <datafield tag="700" ind1="1" ind2=" ">
    <subfield code="a">Scio de San Miguel, Felipe,</subfield>
    <subfield code="d">1738-1796</subfield>
    <subfield code="9">104930</subfield>
  </datafield>
  <datafield tag="700" ind1="1" ind2=" ">
    <subfield code="a">Gayguer, L&#xE1;zaro</subfield>
    <subfield code="9">127269</subfield>
  </datafield>
  <datafield tag="710" ind1="2" ind2=" ">
    <subfield code="a">Imprenta Real (Madrid)</subfield>
    <subfield code="9">134468</subfield>
  </datafield>
  <datafield tag="852" ind1="4" ind2=" ">
    <subfield code="a">ES-MaACL</subfield>
    <subfield code="j">R-340     </subfield>
    <subfield code="d">Olim: D-1176</subfield>
    <subfield code="x">Encuadernaci&#xF3;n pasta espa&#xF1;ola  </subfield>
    <subfield code="9">174052</subfield>
    <subfield code="z">Cambio de signatura a R-340</subfield>
  </datafield>
  <datafield tag="856" ind1="4" ind2=" ">
    <subfield code="u">http://bdh-rd.bne.es/viewer.vm?id=0000110963&amp;page=1 </subfield>
    <subfield code="z">Biblioteca Digital Hisp&#xE1;nica</subfield>
  </datafield>
  <datafield tag="942" ind1=" " ind2=" ">
    <subfield code="2">udc</subfield>
  </datafield>
  <datafield tag="999" ind1=" " ind2=" ">
    <subfield code="c">167583</subfield>
    <subfield code="d">167583</subfield>
  </datafield>
  <datafield tag="952" ind1=" " ind2=" ">
    <subfield code="0">0</subfield>
    <subfield code="1">0</subfield>
    <subfield code="4">0</subfield>
    <subfield code="7">0</subfield>
    <subfield code="8">Colecci&#xF3;n_digital</subfield>
    <subfield code="a">ATENEOM</subfield>
    <subfield code="b">ATENEOM</subfield>
    <subfield code="c">DEPO</subfield>
    <subfield code="d">2008-01-17</subfield>
    <subfield code="e">SSC</subfield>
    <subfield code="l">0</subfield>
    <subfield code="o">R-340</subfield>
    <subfield code="p">1175814</subfield>
    <subfield code="r">2023-02-23 00:00:00</subfield>
    <subfield code="w">2023-02-23</subfield>
    <subfield code="y">MONANT</subfield>
  </datafield>
</record>
